000 00943cam a22003011 4500
001 6112743
005 20260505155711.0
008 720313s1965 inuab b 000 0 eng
010 _a 64025258
035 _a6112743
035 _a(OCoLC)261661
040 _aDLC
_cIRDP
_dOCoLC
_dNBrockU
_dDLC
042 _apremarc
043 _ae-uk-en
050 0 0 _aHT177.L6
_bS6
082 _a307.76 SHA
100 1 _aSmallwood, Frank.
245 1 0 _aGreater London;
_bthe politics of metropolitan reform.
260 _aIndianapolis,
_bBobbs-Merrill
_c[1965]
300 _axi, 324 p.
_billus., maps.
_c21 cm.
440 4 _aThe advanced studies in political science
504 _aBibliographical footnotes.
650 0 _aCity planning
_zEngland
_zLondon.
650 0 _aRegional planning
_zEngland
_zLondon.
906 _a7
_bcbc
_coclcrpl
_du
_encip
_f19
_gy-gencatlg
942 _2ddc
_cBOOKS
999 _c9603
_d9603